<?xml version="1.0" encoding="UTF-8"?>
<record
    xmlns:xsi="http://www.w3.org/2001/XMLSchema-instance"
    xsi:schemaLocation="http://www.loc.gov/MARC21/slim http://www.loc.gov/standards/marcxml/schema/MARC21slim.xsd"
    xmlns="http://www.loc.gov/MARC21/slim">

  <leader>00718nam a2200217Ia 4500</leader>
  <controlfield tag="005">20220608104030.0</controlfield>
  <controlfield tag="008">210716s2015    xx            000 0 und d</controlfield>
  <datafield tag="020" ind1=" " ind2=" ">
    <subfield code="a">9789351501404</subfield>
  </datafield>
  <datafield tag="040" ind1=" " ind2=" ">
    <subfield code="c">AIMIT LIBRARY</subfield>
  </datafield>
  <datafield tag="041" ind1=" " ind2=" ">
    <subfield code="a">eng</subfield>
  </datafield>
  <datafield tag="082" ind1=" " ind2=" ">
    <subfield code="a">658.3124 </subfield>
    <subfield code="2">1</subfield>
    <subfield code="b">BHAD</subfield>
  </datafield>
  <datafield tag="100" ind1=" " ind2=" ">
    <subfield code="a">Bhattacharyya, Dipak Kumar.</subfield>
    <subfield code="9">41037</subfield>
  </datafield>
  <datafield tag="245" ind1=" " ind2=" ">
    <subfield code="a">Training and development :</subfield>
    <subfield code="b">theories and applications /</subfield>
    <subfield code="c">By Dipak Kumar Bhattacharyya.</subfield>
  </datafield>
  <datafield tag="250" ind1=" " ind2=" ">
    <subfield code="a">1st ed.</subfield>
  </datafield>
  <datafield tag="260" ind1=" " ind2=" ">
    <subfield code="a">New Delhi :</subfield>
    <subfield code="b">Sage Publications ,</subfield>
    <subfield code="c">2015.</subfield>
  </datafield>
  <datafield tag="300" ind1=" " ind2=" ">
    <subfield code="a">xxiii ,287,G-7,R-12,I-7p. ;</subfield>
    <subfield code="c">23.5 cm.</subfield>
  </datafield>
  <datafield tag="650" ind1=" " ind2=" ">
    <subfield code="a">Learning and training</subfield>
    <subfield code="9">41038</subfield>
  </datafield>
  <datafield tag="650" ind1=" " ind2=" ">
    <subfield code="a">Training methodology</subfield>
    <subfield code="9">41039</subfield>
  </datafield>
  <datafield tag="650" ind1=" " ind2=" ">
    <subfield code="a">Training evaluation</subfield>
    <subfield code="9">41040</subfield>
  </datafield>
  <datafield tag="942" ind1=" " ind2=" ">
    <subfield code="2">ddc</subfield>
    <subfield code="c">BK</subfield>
    <subfield code="e">1st</subfield>
    <subfield code="k">658.3124 BHAD</subfield>
  </datafield>
  <datafield tag="999" ind1=" " ind2=" ">
    <subfield code="c">211180</subfield>
    <subfield code="d">211180</subfield>
  </datafield>
  <datafield tag="952" ind1=" " ind2=" ">
    <subfield code="0">0</subfield>
    <subfield code="1">0</subfield>
    <subfield code="2">ddc</subfield>
    <subfield code="4">0</subfield>
    <subfield code="7">0</subfield>
    <subfield code="8">MBA</subfield>
    <subfield code="a">AIMIT</subfield>
    <subfield code="b">AIMIT</subfield>
    <subfield code="d">2019-10-09</subfield>
    <subfield code="g">385.00</subfield>
    <subfield code="i">Bill no:RTPL/AIMIT/225; Bill dt:</subfield>
    <subfield code="l">0</subfield>
    <subfield code="o">658.3124 BHAD</subfield>
    <subfield code="p">MBA13748</subfield>
    <subfield code="r">2026-05-23 00:00:00</subfield>
    <subfield code="v">308.00</subfield>
    <subfield code="w">2021-07-16</subfield>
    <subfield code="y">BK</subfield>
  </datafield>
  <datafield tag="952" ind1=" " ind2=" ">
    <subfield code="0">0</subfield>
    <subfield code="1">0</subfield>
    <subfield code="2">ddc</subfield>
    <subfield code="4">0</subfield>
    <subfield code="7">0</subfield>
    <subfield code="8">MBA</subfield>
    <subfield code="a">AIMIT</subfield>
    <subfield code="b">AIMIT</subfield>
    <subfield code="d">2019-10-09</subfield>
    <subfield code="g">385.00</subfield>
    <subfield code="i">Bill no:RTPL/AIMIT/225; Bill dt:</subfield>
    <subfield code="l">0</subfield>
    <subfield code="o">658.3124 BHAD</subfield>
    <subfield code="p">MBA13749</subfield>
    <subfield code="r">2026-05-23 00:00:00</subfield>
    <subfield code="v">308.00</subfield>
    <subfield code="w">2021-07-16</subfield>
    <subfield code="y">BK</subfield>
  </datafield>
  <datafield tag="952" ind1=" " ind2=" ">
    <subfield code="0">0</subfield>
    <subfield code="1">0</subfield>
    <subfield code="2">ddc</subfield>
    <subfield code="4">0</subfield>
    <subfield code="7">0</subfield>
    <subfield code="8">MBA</subfield>
    <subfield code="a">AIMIT</subfield>
    <subfield code="b">AIMIT</subfield>
    <subfield code="d">2019-10-09</subfield>
    <subfield code="g">385.00</subfield>
    <subfield code="i">Bill no:RTPL/AIMIT/225; Bill dt:</subfield>
    <subfield code="l">0</subfield>
    <subfield code="o">658.3124 BHAD</subfield>
    <subfield code="p">MBA13750</subfield>
    <subfield code="r">2026-05-23 00:00:00</subfield>
    <subfield code="v">308.00</subfield>
    <subfield code="w">2021-07-16</subfield>
    <subfield code="y">BK</subfield>
  </datafield>
  <datafield tag="952" ind1=" " ind2=" ">
    <subfield code="0">0</subfield>
    <subfield code="1">0</subfield>
    <subfield code="2">ddc</subfield>
    <subfield code="4">0</subfield>
    <subfield code="7">0</subfield>
    <subfield code="8">MBA</subfield>
    <subfield code="a">AIMIT</subfield>
    <subfield code="b">AIMIT</subfield>
    <subfield code="d">2019-10-09</subfield>
    <subfield code="g">385.00</subfield>
    <subfield code="i">Bill no:RTPL/AIMIT/225; Bill dt:</subfield>
    <subfield code="l">0</subfield>
    <subfield code="o">658.3124 BHAD</subfield>
    <subfield code="p">MBA13751</subfield>
    <subfield code="r">2026-05-23 00:00:00</subfield>
    <subfield code="v">308.00</subfield>
    <subfield code="w">2021-07-16</subfield>
    <subfield code="y">BK</subfield>
  </datafield>
  <datafield tag="952" ind1=" " ind2=" ">
    <subfield code="0">0</subfield>
    <subfield code="1">0</subfield>
    <subfield code="2">ddc</subfield>
    <subfield code="4">0</subfield>
    <subfield code="7">0</subfield>
    <subfield code="8">MBA</subfield>
    <subfield code="a">AIMIT</subfield>
    <subfield code="b">AIMIT</subfield>
    <subfield code="d">2019-10-09</subfield>
    <subfield code="g">385.00</subfield>
    <subfield code="i">Bill no:RTPL/AIMIT/225; Bill dt:</subfield>
    <subfield code="l">0</subfield>
    <subfield code="o">658.3124 BHAD</subfield>
    <subfield code="p">MBA13752</subfield>
    <subfield code="r">2026-05-23 00:00:00</subfield>
    <subfield code="v">308.00</subfield>
    <subfield code="w">2021-07-16</subfield>
    <subfield code="y">BK</subfield>
  </datafield>
</record>
